Informačný systém pre evidenciu predaja a servisu prístrojov pre chemické analýzy = Information system for evidence of sales and service of chemical analysis units : Bakalárska práca

Saved in:
Bibliographic Details
Main Author: Matuška, Michal (Author)
Other Authors: Volár, Daniel (xxx)
Format: Manuscript Book
Language:Slovak
Published: Trnava : STU v Bratislave MTF UIAM, 2007
Subjects:
Tags: Add Tag
No Tags, Be the first to tag this record!

MARC

LEADER 00000ntm a22000003a 4500
001 stu151958
005 20160719155732.6
008 071127s2007----xo------------------slo-d
040 |a STU  |b slo 
041 0 |a slo 
044 |a xo 
100 1 |a Matuška, Michal  |4 aut 
245 1 |a Informačný systém pre evidenciu predaja a servisu prístrojov pre chemické analýzy = Information system for evidence of sales and service of chemical analysis units :  |b Bakalárska práca 
260 |a Trnava :  |b STU v Bratislave MTF UIAM,  |c 2007 
300 |a 65 s  |c príl (1 CD-ROM) 
500 |a Program: Aplikovaná informatika a automatizácia v priemysle 
650 7 |a informačný systém  |2 stusub 
700 1 |a Volár, Daniel  |4 xxx 
996 |b 284M066917  |c M*BP-3049  |l MMSKP  |s P  |a 0  |w stu151958_0001